000 01061nam a2200277 c 4500
999 _c56444
_d56444
003 BLK
005 20220819134449.0
008 180408b bul|||||r ||||||| ||bul||
010 _aKNG00060425000
040 _aBLK
041 _aBUL
_cBUL
080 _aБългарска литература
_b821.163.2
_x.09
_z821.163.2.09
080 _aРуска литература
_b821.161.1
_x.09
_z821.161.1.09
100 1 _aВелчев, Велчо В.
_eпърви автор
_9245114
139 _aВелчев, Велчо
245 1 0 _aБългаро-руски литературни взаимоотношения през ХIХ - ХХ в.
_bОт Фонвизин до Горки : Изследване
_cВелчо В. Велчев.
257 _aBGR
260 _aСофия
_bНаука и изкуство
_c1974
300 _a563 с.
_c21 см
380 _a80
490 _9396381
_aЧастна колекция - Академик Михаил Арнаудов
_gДарение - Основен фонд
500 _aАвтограф с текст: На нашия учител академик Михаил Арнаудов, гордост за българската литература - с преклонение В. Велчев София, юни 1974
852 _aЦб 71822
852 _aМА 4887
_bМА
856 4 _qpdf
856 4 _qpdf
942 _cKNG
_n0
_s1
944 _aCR
_c13.06.2004
_kЧиталня
944 _aED
_c21.02.2017
_kВиолета_Тройчева
944 _aED
_c2022-08-19
_kХристина Везирева
999 _d56444
999 _d56444
999 _d56444